000 00602nam a22002297a 4500
003 UA-OsUOA
001 86897
007 ta
008 20120912b un ||||| |||| 00| 0 ukr d
100 _aДюкло Жак
090 _a94(44)
_bД95
942 _cBK
040 _aUA-OsUOA
_brus
_cUA-OsUOA
_dUA-OsUOA
245 _aНа штурм неба
300 _a322 с.
955 _a4
041 _arus
080 _a94(44)
260 _aМ.
_bИ-во иностранной литературы
_c1963
650 7 _a9 Географія. Біографії. Історія
_2UDC
999 _c373085
_d373085